000 01081nam a22002651u 4500
001 12661
003 HDC
007 cr bn ---
008 210209p2002 my eng
040 _aHDC
100 _aHawa Z. Jaafar,
_eauthor
_912603
245 0 _aImpact of water stress on reproductive development in sweet pepper (Capsicum annuum L.) IV. Inhibition of CEPA-induced ethylene production by silver thiosulphate /
_cby Hawa Z. Jaafar, Colin Black, Jeffery Atherton and Jeremy Roberts
260 _aSerdang :
_bMalaysian Agricultural Research and Development Institute (MARDI),
_c2002
300 _a1 page
336 _atext
_2rdacontent
337 _acomputer
_2rdamedia
338 _aonline resource
_2rdacarrier
650 _aEthylene production
_912792
650 _aFlower abscission
_912605
650 _aSweet pepper
_913448
856 _zRequest full-text at [email protected]
942 _2lcc
942 _cAR
942 _kJART 003197
999 _c9984
_d9984